00924 2200301 4500001002100000005001500021035002000036007000300056040001600059245012200075250001200197300003700209020001800246041000800264082000800272090001600280264004700296336002100343337003000364338002300394650003600417850001000453008004100463084001600504700004600520100003500566990002100601INLIS00000000000450920260525115240 a0010-0122000141ta aSPBUPDbind1 aKemandirian Kesinambungan dalam Pembangunan Nasional dan Bisnis /cDjisman Simanjuntak;pengarang ke 2, Samuel Pardede a.-cet.1 a124 hal. :billus. ;c15 x 21 cm a979-8291-01-8 aind a081 a330.9 DJI k a.--medan :bUniversitas Darma Agung,c1991 2rdacontentaTeks 2rdamediaaTanpa Perantara 2rdacarrieravolume 4apembangunan nasional dan bisnis aPUPAD260525 0  a330.9 DJI k apengarang ke 2, Samuel PardedeePengarang0 aDjisman SimanjuntakePengarang a00617/ARPUS/2005